00569nam a22002057a 45000010005000000030006000050050017000110080041000280200019000690400029000880820008001171000019001252450037001442600046001813000055002274900024002825050008003065210029003145210020003434873FISKH20241022122640.0241022b cb ||||| |||| 00| 0 eng d a 9780333338032 aFISKHbengcFISKHdFISKH a509 aDugan, Michael aScientists / cby Michael Dugan  aSouth Melbourne : bMacmillan ; c1981 .  a31 pages : bcolor illustrations, map ; c21 cm .  aFamous Australians  aS 8 a790 bLexile estimate 8 aS bRaz-Plus